| 000 | 00521nam a2200193Ia 4500 | ||
|---|---|---|---|
| 003 | OSt | ||
| 005 | 20250305103524.0 | ||
| 008 | 210210b1993 xxu||||| |||| 00| 0 eng d | ||
| 040 | _cAL | ||
| 041 | _aKannada | ||
| 082 | _aK894.1 AMRU | ||
| 100 |
_aAMRATA SOMESHVARA. _9139448 _dಅಮೃತ ಸೋಮೇಶ್ವರ |
||
| 245 |
_aUppu gali. _bಉಪ್ಪುಗಾಳಿ |
||
| 260 |
_aKotekaru _bPrakrati Prakashana _c1993 |
||
| 300 | _avi,74 | ||
| 690 |
_aKannada Poetry _9139449 |
||
| 906 | _a047846 | ||
| 942 |
_2ddc _cBK |
||
| 999 |
_c96956 _d96956 |
||